[Event "OHS 2012"]
[Site "Herne"]
[Date "2012.03.06"]
[Round "4"]
[White "Wenzel, Martin"]
[Black "Kolakovic, Klaudio"]
[Result "0-1"]
[PlyCount "120"]
[WhiteElo "1813"]
[BlackElo "1991"]

1. e4 Nc6 2. Nf3 f5 3. exf5 d5 4. d4 Bxf5 5. Bb5 e6 6. Ne5 Ne7 7. Qh5+ g6 8.
Qe2 h5 9. c4 dxc4 10. Qxc4 Qd5 11. Qxd5 exd5 12. Nc3 Bg7 13. Bg5 a6 14. Bxe7
axb5 15. Nxc6 bxc6 16. Bc5 Kd7 17. f3 b4 18. Ne2 Rhe8 19. Kf2 Bh6 20. f4 Re4
21. g3 Bg4 22. Rhe1 Rae8 23. Ng1 h4 24. Rxe4 Rxe4 25. Re1 hxg3+ 26. hxg3 Rxe1
27. Kxe1 g5 28. fxg5 Bxg5 29. Bxb4 Be3 30. Ne2 Bxe2 31. Kxe2 Bxd4 32. Bc3 Bc5
33. Kd3 Be7 34. Be5 c5 35. a4 c4+ 36. Kc3 c5 37. a5 Kc6 38. g4 Kb5 39. Bf4 Bf6+
40. Kc2 Kxa5 41. Bh6 Be5 42. Bf8 Kb4 43. g5 d4 44. g6 d3+ 45. Kd1 Bxb2 46. g7
c3 47. g8=Q c2+ 48. Kd2 c1=Q+ 49. Kxd3 Qb1+ 50. Ke2 Qe4+ 51. Kf2 Bd4+ 52. Kg3
Qe1+ 53. Kf4 Qe5+ 54. Kg4 Qe4+ 55. Kh5 Qh1+ 56. Kg6 Qe4+ 57. Kh6 Qf4+ 58. Kh5
Qf5+ 59. Kh6 Be3+ 60. Kg7 Qg5+ 0-1

[Event "OHS 2012"]
[Site "Herne"]
[Date "2012.03.06"]
[Round "4"]
[White "Gorzinski, Dariusz"]
[Black "Ribbeheger, Edgar"]
[Result "0-1"]
[PlyCount "120"]
[WhiteElo "1890"]
[BlackElo "1947"]

1. e4 g6 2. d4 d6 3. f4 Bg7 4. Nf3 Nf6 5. Bd3 O-O 6. O-O c6 7. Kh1 Nbd7 8. e5
Ne8 9. Ng5 Nc7 10. Qe2 Nb6 11. Nd2 f6 12. Nxh7 Kxh7 13. Qh5+ Kg8 14. Bxg6 Re8
15. Qh7+ Kf8 16. Ne4 Be6 17. f5 Bg8 18. Qh5 dxe5 19. dxe5 Qd4 20. exf6 exf6 21.
b3 Nb5 22. Ng3 Qxa1 23. Ba3+ Nxa3 24. Rxa1 Re5 25. Qd1 Ke7 26. Qd2 Nb5 27. c4
Nc7 28. Rd1 Ne8 29. Nh5 Bf8 30. h4 Bf7 31. Nf4 Bh6 32. Nd5+ Rxd5 33. Re1+ Re5
34. Rxe5+ fxe5 35. Qxh6 Bxg6 36. fxg6 Nd7 37. Qh7+ Kd6 38. g4 Nef6 39. Qh6 Nxg4
40. Qg5 Ndf6 41. Kg2 e4 42. c5+ Ke6 43. g7 Rg8 44. h5 Kf7 45. h6 Nxh6 46. Qxh6
Rxg7+ 47. Kf1 Rh7 48. Qf4 Ke6 49. a4 Rd7 50. b4 a6 51. Qc1 Rd3 52. Qc4+ Ke5 53.
b5 axb5 54. axb5 Nd5 55. Qa2 cxb5 56. Qa7 Rf3+ 57. Ke1 Re3+ 58. Kd2 Rd3+ 59.
Ke1 Rc3 60. Qb6 Nxb6 0-1

[Event "OHS 2012"]
[Site "Herne"]
[Date "2012.03.06"]
[Round "4"]
[White "Schmidt, Ralph"]
[Black "Maczkowiak, Thomas"]
[Result "0-1"]
[PlyCount "56"]
[WhiteElo "1930"]
[BlackElo "1833"]

1. e4 c6 2. Nc3 d5 3. Qf3 dxe4 4. Nxe4 Nd7 5. d4 Ngf6 6. Bc4 e6 7. Bg5 Be7 8.
Ne2 Nxe4 9. Bxe7 Qxe7 10. O-O-O Qg5+ 11. Nf4 Nef6 12. h4 Qg4 13. Qe3 Nb6 14.
Be2 Qf5 15. c4 O-O 16. g4 Qa5 17. a3 Qa4 18. g5 Nxc4 19. Qd3 Nd5 20. Nh5 b5 21.
Rdg1 g6 22. Nf6+ Nxf6 23. gxf6 Nd6 24. Kb1 e5 25. Bg4 Qxd4 26. Qh3 Nc4 27. Qc3
Bxg4 28. Qxd4 Bf5+ 0-1

[Event "OHS 2012"]
[Site "Herne"]
[Date "2012.03.06"]
[Round "4"]
[White "Klinke, Werner"]
[Black "Scheibe, Werner"]
[Result "1/2-1/2"]
[PlyCount "58"]
[WhiteElo "1911"]
[BlackElo "1815"]

1. e4 e6 2. d4 d5 3. e5 c5 4. c3 Nc6 5. Nf3 Qb6 6. Be2 Bd7 7. O-O cxd4 8. cxd4
f6 9. b3 fxe5 10. dxe5 Nge7 11. Bb2 Ng6 12. Bd3 Nf4 13. Nc3 Nxd3 14. Qxd3 Be7
15. Ne2 O-O 16. Ned4 a6 17. Rfd1 Rf4 18. Ne2 Rf7 19. Bd4 Nxd4 20. Nfxd4 Raf8
21. Qg3 Bc5 22. Nf3 Bb5 23. Ned4 Rf4 24. Nxb5 Qxb5 25. Rd2 Qb4 26. Rad1 Rg4 27.
Qh3 Qf4 28. Rd3 Qe4 29. Kf1 Rg6 1/2-1/2

[Event "OHS 2012"]
[Site "Herne"]
[Date "2012.03.06"]
[Round "4"]
[White "Wiechen, Ulrich"]
[Black "Kempken, Reinhold"]
[Result "1-0"]
[PlyCount "73"]
[WhiteElo "1903"]
[BlackElo "1610"]

1. e4 e5 2. Nf3 d5 3. exd5 e4 4. Qe2 f5 5. Nc3 Nf6 6. Nh4 Bd6 7. g3 O-O 8. Bh3
g6 9. O-O b6 10. d3 Ba6 11. Bg5 Nbd7 12. Qd2 Ne5 13. Rfe1 exd3 14. cxd3 Nxd3
15. Re3 Ne5 16. b3 Qd7 17. Rae1 Nfg4 18. Bxg4 Nxg4 19. Re6 Rae8 20. h3 Ne5 21.
Bh6 Nd3 22. R1e3 Rxe6 23. dxe6 Qc6 24. Rxd3 Bxd3 25. Qxd3 Re8 26. Qd4 Bf8 27.
Bxf8 Rxf8 28. Qd5 Qxd5 29. Nxd5 Ra8 30. Nxc7 Rc8 31. e7 Kf7 32. e8=Q+ Rxe8 33.
Nxe8 Kxe8 34. Kf1 Kd7 35. Ke2 Kc6 36. Kd3 Kc5 37. a3 1-0

[Event "OHS 2012"]
[Site "Herne"]
[Date "2012.03.06"]
[Round "4"]
[White "Domnik, Roland"]
[Black "Funke, Eckhard"]
[Result "1-0"]
[PlyCount "103"]
[WhiteElo "1696"]
[BlackElo "1896"]

1. d4 d5 2. c4 e6 3. Nc3 c6 4. cxd5 exd5 5. Nf3 Nf6 6. Bg5 Be7 7. Qc2 Ne4 8.
Nxe4 dxe4 9. Qxe4 f6 10. Bd2 Qd5 11. Qxd5 cxd5 12. e3 Bg4 13. Be2 Nc6 14. O-O
Rc8 15. Rac1 O-O 16. a3 a6 17. Rc3 Na7 18. Rfc1 Rxc3 19. Rxc3 Rc8 20. Rxc8+
Bxc8 21. Ne1 b5 22. Bf3 Bb7 23. Nd3 Bd6 24. Bb4 Nc8 25. Bxd6 Nxd6 26. Nc5 Bc6
27. Nxa6 Ne4 28. Nb4 Bb7 29. Be2 Nd6 30. b3 Kf7 31. Nd3 Bc6 32. Nc5 Ne8 33. a4
bxa4 34. bxa4 Nd6 35. f3 Ke7 36. Kf2 Nc8 37. a5 Na7 38. Ba6 Kd6 39. Ke2 f5 40.
g4 fxg4 41. fxg4 g5 42. Kd3 Be8 43. Kc3 h5 44. gxh5 Bxh5 45. e4 Bf3 46. e5+ Ke7
47. Bd3 Bd1 48. a6 Bg4 49. Nb3 Bd1 50. Na5 Bg4 51. Kb4 Kd7 52. Kc5 1-0

[Event "OHS 2012"]
[Site "Herne"]
[Date "2012.03.06"]
[Round "4"]
[White "Donin, Oleksandr"]
[Black "Melmer, Felix"]
[Result "0-1"]
[PlyCount "48"]
[WhiteElo "1577"]
[BlackElo "1949"]

1. d4 d5 2. c4 c6 3. Nc3 Nf6 4. Bg5 a6 5. e3 Bf5 6. Qb3 Ra7 7. Bxf6 exf6 8.
cxd5 Bd6 9. Nf3 O-O 10. Be2 b5 11. Nh4 Bd7 12. Bd3 Re8 13. Nf5 Bf8 14. a3 g6
15. Ng3 f5 16. Nce2 cxd5 17. Qxd5 Qa5+ 18. Kf1 Be6 19. Qf3 Qd2 20. Nf4 Qxb2 21.
Rb1 Qxa3 22. d5 Bc8 23. e4 Rc7 24. exf5 Rc1+ 0-1

[Event "OHS 2012"]
[Site "Herne"]
[Date "2012.03.06"]
[Round "4"]
[White "Bartel, Mario"]
[Black "Janke, Anatoli"]
[Result "1-0"]
[PlyCount "45"]
[WhiteElo "2096"]
[BlackElo "1723"]

1. e4 e5 2. Nf3 Nf6 3. Nxe5 d6 4. Nf3 Nxe4 5. d4 d5 6. Bd3 Bd6 7. O-O O-O 8.
Re1 Re8 9. Nbd2 f5 10. c4 c6 11. Qb3 Bc7 12. cxd5 cxd5 13. Nxe4 fxe4 14. Rxe4
Rxe4 15. Bxe4 Be6 16. Ng5 Qd6 17. Nxe6 Qxh2+ 18. Kf1 Ba5 19. Qxd5 Qh1+ 20. Ke2
Qe1+ 21. Kf3 Nc6 22. Ng5+ Kh8 23. Nf7+ 1-0

[Event "OHS 2012"]
[Site "Herne"]
[Date "2012.03.06"]
[Round "4"]
[White "Grothuesmann, Heinrich"]
[Black "Müller-Kreth, Kai"]
[Result "1-0"]
[PlyCount "49"]
[WhiteElo "1634"]
[BlackElo "1861"]

1. e4 c5 2. Nf3 d6 3. d4 cxd4 4. Nxd4 Nc6 5. Nc3 Nf6 6. Bc4 Bd7 7. Bg5 e6 8. f4
Be7 9. Qd2 a6 10. a3 h6 11. Bxf6 Bxf6 12. Nf3 Qc7 13. Bb3 O-O 14. O-O Rfd8 15.
Rad1 Be8 16. Qe3 Rac8 17. f5 exf5 18. Nd5 Qa5 19. Nxf6+ gxf6 20. Qxh6 fxe4 21.
Rd5 Qb6+ 22. Kh1 Ne7 23. Rh5 Ng6 24. Qxg6+ Kf8 25. Qxf6 1-0

[Event "OHS 2012"]
[Site "Herne"]
[Date "2012.03.06"]
[Round "4"]
[White "Leveikina, Jenny"]
[Black "Odenwald, Andreas"]
[Result "1-0"]
[PlyCount "51"]
[WhiteElo "2029"]
[BlackElo "1609"]

1. e4 e5 2. Nf3 Nc6 3. d4 exd4 4. Bc4 Bb4+ 5. c3 dxc3 6. O-O Nge7 7. Nxc3 Bxc3
8. bxc3 O-O 9. Ng5 Ne5 10. Bb3 h6 11. f4 N5g6 12. Nf3 d6 13. f5 Ne5 14. Nxe5
dxe5 15. Qg4 Ng6 16. Ba3 Nf4 17. Rad1 Qf6 18. Bxf8 Kxf8 19. Rxf4 exf4 20. Qxf4
Qe7 21. e5 Bd7 22. f6 Qc5+ 23. Kh1 g5 24. Qe4 Ke8 25. Qh7 Qf8 26. e6 1-0

[Event "OHS 2012"]
[Site "Herne"]
[Date "2012.03.06"]
[Round "4"]
[White "Patzer, Jörg"]
[Black "Pohl, Martin"]
[Result "1/2-1/2"]
[PlyCount "52"]
[WhiteElo "1948"]
[BlackElo "1687"]

1. d4 d5 2. Bf4 Bf5 3. Nf3 Nf6 4. e3 e6 5. Be2 Bd6 6. Bxd6 Qxd6 7. Nbd2 Nbd7 8.
O-O O-O 9. Nh4 Bg6 10. Nxg6 hxg6 11. c4 c6 12. c5 Qc7 13. b4 e5 14. Rb1 Rfe8
15. dxe5 Rxe5 16. Nf3 Rh5 17. h3 Ne4 18. Qd4 Kh7 19. Nd2 Re5 20. Nb3 Rh8 21.
Bd3 Kg8 22. f4 Re7 23. Rf3 Ndf6 24. Bxe4 Rxe4 25. Qd2 Kh7 26. Nd4 Rhe8 1/2-1/2

[Event "OHS 2012"]
[Site "Herne"]
[Date "2012.03.06"]
[Round "4"]
[White "Löffelbein, Klaus"]
[Black "Drees, Helmut"]
[Result "1-0"]
[PlyCount "33"]
[WhiteElo "1840"]
[BlackElo "1680"]

1. d4 Nf6 2. c4 e6 3. Nf3 d5 4. Nc3 c6 5. Bg5 Be7 6. e3 Nbd7 7. Rc1 h6 8. Bh4
O-O 9. Qc2 a6 10. c5 Re8 11. b4 b5 12. Bd3 a5 13. a3 a4 14. O-O Nh5 15. Bxe7
Qxe7 16. Ne5 Bb7 17. Bh7+ 1-0

[Event "OHS 2012"]
[Site "Herne"]
[Date "2012.03.06"]
[Round "4"]
[White "Sikorski, Thomas"]
[Black "Kowalczyk, Frank"]
[Result "1-0"]
[PlyCount "105"]
[WhiteElo "1716"]
[BlackElo "1798"]

1. c4 e5 2. Nc3 Nf6 3. Nf3 d6 4. d4 exd4 5. Nxd4 g6 6. e4 Bg7 7. Be2 O-O 8. O-O
Re8 9. f3 c6 10. Be3 Na6 11. Qd2 Nc7 12. Rad1 d5 13. cxd5 cxd5 14. Ndb5 Nxb5
15. Bxb5 Bd7 16. Bxd7 Qxd7 17. Nxd5 Nxd5 18. Qxd5 Qxd5 19. Rxd5 Red8 20. Rfd1
Rxd5 21. Rxd5 b6 22. b3 Kf8 23. Rd7 Bf6 24. f4 Ke8 25. Rc7 Bd8 26. Rb7 Be7 27.
Kf2 h5 28. Bd4 Bd6 29. Be5 Be7 30. Rb8+ Rxb8 31. Bxb8 a6 32. Be5 Kd7 33. Bd4
Kc6 34. Ke3 b5 35. Kd3 Bb4 36. Bc3 Be7 37. Kd4 Bf6+ 38. e5 Be7 39. g3 Bc5+ 40.
Ke4 Be7 41. h3 Bc5 42. g4 hxg4 43. hxg4 Be7 44. f5 gxf5+ 45. gxf5 Bc5 46. e6
fxe6 47. fxe6 Kd6 48. Kf5 Ke7 49. Ke5 Bb6 50. Bb4+ Ke8 51. Kd6 a5 52. Kc6 Bd8
53. e7 1-0

[Event "OHS 2012"]
[Site "Herne"]
[Date "2012.03.06"]
[Round "4"]
[White "Matrisch, Gerd"]
[Black "Breme, Dietmar"]
[Result "1-0"]
[PlyCount "67"]
[WhiteElo "1723"]
[BlackElo "1297"]

1. d4 Nf6 2. c4 g6 3. Nc3 Bg7 4. e4 d6 5. Nf3 O-O 6. Be2 c5 7. O-O Na6 8. h3
Nc7 9. Be3 b6 10. Qb3 Bb7 11. dxc5 dxc5 12. Rfd1 Qc8 13. Nd5 Ncxd5 14. exd5 Ne4
15. Bd3 Nd6 16. Bf4 f6 17. Bxd6 exd6 18. Re1 Qc7 19. Qa4 Qd8 20. Re2 Bc8 21.
Qc6 Rb8 22. Rae1 Bb7 23. Qa4 a6 24. Re7 b5 25. Qc2 bxc4 26. Bxg6 Bxd5 27. Bxh7+
Kh8 28. Qg6 Bf7 29. Rxf7 Rxf7 30. Qxf7 Kxh7 31. Re4 f5 32. Rh4+ Qxh4 33. Nxh4
Rxb2 34. Nxf5 1-0

[Event "OHS 2012"]
[Site "Herne"]
[Date "2012.03.06"]
[Round "4"]
[White "Selmanaj, Agim"]
[Black "Markert, Dirk"]
[Result "1/2-1/2"]
[PlyCount "137"]
[WhiteElo "1529"]
[BlackElo "1963"]

1. e4 c5 2. Bc4 e6 3. Nc3 Nc6 4. a3 Nf6 5. d3 d5 6. exd5 exd5 7. Ba2 Be7 8. h3
O-O 9. Nf3 Be6 10. Ng5 Bf5 11. g4 Bc8 12. Nf3 Be6 13. Ng5 Bc8 14. Nf3 Re8 15.
Ne2 Be6 16. Bf4 Qb6 17. Qc1 c4 18. d4 Ne4 19. c3 Na5 20. Qc2 Bd7 21. Nd2 Bg5
22. O-O Qh6 23. Nxe4 Bxf4 24. Nxf4 Qxf4 25. Ng3 Re7 26. Rae1 Rae8 27. Rxe7 Rxe7
28. Qc1 Qd6 29. Bb1 Nb3 30. Qd1 g6 31. Bc2 Na5 32. Re1 Nc6 33. Rxe7 Qxe7 34.
Qe2 Qf6 35. Qe3 Nd8 36. Qe5 Qxe5 37. dxe5 Ne6 38. Ne2 Ng5 39. Kg2 h5 40. f4
Nxh3 41. f5 hxg4 42. fxg6 fxg6 43. Bxg6 Kg7 44. Bc2 Kh6 45. Kg3 Kg5 46. Bh7 Be6
47. Bc2 Bf5 48. Ba4 a6 49. b4 b5 50. Bd1 Bg6 51. a4 Be8 52. axb5 axb5 53. Nd4
Nf4 54. Bxg4 Nd3 55. Nf3+ Kg6 56. Be6 Nc1 57. Nd4 Na2 58. Ne2 Bf7 59. Bd7 d4
60. cxd4 Nxb4 61. Bxb5 Kf5 62. Nc3 Nd3 63. Bd7+ Be6 64. Bxe6+ Kxe6 65. Kf3
Nxe5+ 66. dxe5 Kxe5 67. Ke3 Kd6 68. Kd4 Kc6 69. Kxc4 1/2-1/2

[Event "OHS 2012"]
[Site "Herne"]
[Date "2012.03.06"]
[Round "4"]
[White "Schäfer, Michael"]
[Black "Barth, Hans-Joachim"]
[Result "1-0"]
[PlyCount "33"]
[WhiteElo "1599"]
[BlackElo "1783"]

1. Nf3 Nc6 2. d4 d5 3. e3 Nf6 4. c4 Bg4 5. Nbd2 e6 6. a3 Be7 7. Qa4 O-O 8. Bd3
a6 9. Qc2 dxc4 10. Qxc4 Qd6 11. Qc2 b5 12. Ne4 Nxe4 13. Bxe4 Na5 14. Bd2 Nc4
15. Bxa8 Nxd2 16. Nxd2 Rxa8 17. Qe4 1-0

[Event "OHS 2012"]
[Site "Herne"]
[Date "2012.03.06"]
[Round "4"]
[White "Kamper, Marco"]
[Black "Grunwald, Günther"]
[Result "1/2-1/2"]
[PlyCount "74"]
[WhiteElo "1785"]
[BlackElo "1554"]

1. d4 d5 2. c4 dxc4 3. e3 e6 4. Nc3 Nf6 5. Bxc4 a6 6. Nf3 b5 7. Bd3 c5 8. dxc5
Bxc5 9. O-O Bb7 10. a3 Nbd7 11. b4 Be7 12. Be2 O-O 13. Bb2 Nd5 14. Rc1 Bf6 15.
Nd4 Nxc3 16. Rxc3 Nb6 17. Rd3 Qe8 18. Rd2 Bd5 19. Qb1 Nc4 20. Bxc4 Bxc4 21.
Rfd1 Bxd4 22. Bxd4 Qc8 23. Qb2 f6 24. Bc5 Re8 25. Qd4 a5 26. Qc3 axb4 27. Bxb4
Ra7 28. e4 e5 29. Rd6 Rb7 30. Qd2 Kf7 31. Qe3 Be6 32. Rc1 Bc4 33. Qf3 Rd8 34.
Qh5+ Kg8 35. Rcd1 Rbd7 36. Qf5 Rxd6 37. Rxd6 Qb8 1/2-1/2

[Event "OHS 2012"]
[Site "Herne"]
[Date "2012.03.06"]
[Round "4"]
[White "Reichardt, Markus"]
[Black "Deutschmann, Jürgen"]
[Result "1/2-1/2"]
[PlyCount "119"]
[WhiteElo "1676"]
[BlackElo "1476"]

1. e4 c5 2. Nf3 e6 3. d4 cxd4 4. Nxd4 Nc6 5. c4 Nf6 6. Nc3 Bb4 7. Nxc6 bxc6 8.
Bd3 e5 9. O-O Bc5 10. Qf3 O-O 11. Bg5 Be7 12. Rad1 d6 13. h3 Nd7 14. Be3 Rb8
15. b3 Qa5 16. Bd2 Qd8 17. Qg3 Bh4 18. Qh2 Bg5 19. f4 Bxf4 20. Bxf4 exf4 21.
Qxf4 Ne5 22. c5 f6 23. Be2 Qa5 24. Na4 Be6 25. Rxd6 Bf7 26. Rfd1 Rfd8 27. Rxd8+
Rxd8 28. Rxd8+ Qxd8 29. Qe3 Kf8 30. Qc3 Qe7 31. Kf2 Bg6 32. Qd4 Ke8 33. Nb2 Nd7
34. Nc4 Qxc5 35. Nd6+ Kf8 36. Qxc5 Nxc5 37. Ke3 Ke7 38. Nf5+ Bxf5 39. exf5 a5
40. Kd4 Kd6 41. Kc4 Nd7 42. b4 Nb6+ 43. Kb3 axb4 44. Kxb4 Nd5+ 45. Kb3 Ne3 46.
g4 h5 47. a4 hxg4 48. hxg4 Kc5 49. a5 Nd5 50. a6 Kb6 51. Bf3 Nc7 52. a7 Kxa7
53. Bxc6 Kb6 54. Bf3 Kc5 55. Kc3 Nd5+ 56. Bxd5 Kxd5 57. Kd3 Ke5 58. Ke3 Kd5 59.
Kf4 Kd4 60. g5 1/2-1/2

[Event "OHS 2012"]
[Site "Herne"]
[Date "2012.03.06"]
[Round "4"]
[White "Stratmann, Lars"]
[Black "Kracht, Joachim"]
[Result "0-1"]
[PlyCount "56"]
[WhiteElo "1444"]
[BlackElo "1688"]

1. Nf3 Nf6 2. d4 d5 3. c4 Bf5 4. Nc3 e6 5. Bf4 c6 6. c5 Nbd7 7. b4 Be7 8. e3
Nh5 9. Bg3 Nxg3 10. hxg3 h6 11. Bd3 Bg4 12. Qc2 Bxf3 13. gxf3 e5 14. Kd2 exd4
15. exd4 O-O 16. Rh3 Bf6 17. Ne2 Re8 18. Rah1 Nf8 19. f4 Qc7 20. g4 Rxe2+ 21.
Kxe2 Qxf4 22. Rg3 Bxd4 23. Kf1 Bf6 24. a3 Re8 25. Be2 Ne6 26. Qd3 Ng5 27. Rhg1
Ne4 28. Rf3 Nd2+ 0-1

[Event "OHS 2012"]
[Site "Herne"]
[Date "2012.03.06"]
[Round "4"]
[White "Stenzel, Gerhard"]
[Black "Bleich, Karl-Heinz"]
[Result "0-1"]
[PlyCount "116"]
[WhiteElo "1656"]
[BlackElo "1452"]

1. d4 Nf6 2. c4 g6 3. Nc3 Bg7 4. e4 d6 5. f4 O-O 6. h3 Nbd7 7. Bd3 c5 8. d5 Nh5
9. Nge2 e5 10. f5 Qh4+ 11. Kd2 Nb6 12. Qf1 gxf5 13. exf5 Nxc4+ 14. Bxc4 Qxc4
15. Kc2 Nf6 16. b3 Qa6 17. g4 e4 18. Bb2 Qd3+ 19. Kc1 Bh6+ 20. Nf4 Qe3+ 21. Kc2
Qxf4 22. Qxf4 Bxf4 23. Rae1 Re8 24. Re2 b6 25. Rf1 Be5 26. Nxe4 Nxd5 27. Nxd6
Ba6 28. Nxe8 Bxe2 29. Re1 Nb4+ 30. Kd2 Bxb2 31. Rxe2 Rd8+ 32. Ke1 Bc3+ 33. Kf1
Rd1+ 34. Kg2 Rd2 35. Nf6+ Kh8 36. Rxd2 Bxd2 37. Ne4 Be3 38. Kf3 Bc1 39. a4 Nc6
40. Nd6 f6 41. Ke4 Nd4 42. Nc8 Nxb3 43. Nxa7 c4 44. Nc8 Nc5+ 45. Kd4 Nxa4 46.
Kxc4 Be3 47. h4 Kg7 48. Kb4 Nb2 49. Nd6 Nd3+ 50. Kb5 Bc5 51. Ne4 h6 52. g5 hxg5
53. hxg5 fxg5 54. Nxg5 Kf6 55. Ne4+ Kxf5 56. Nxc5 bxc5 57. Kc4 Ke4 58. Kc3 Ne5
0-1

[Event "OHS 2012"]
[Site "Herne"]
[Date "2012.03.06"]
[Round "4"]
[White "Nagel, Frank"]
[Black "Hartmann, Thomas"]
[Result "1-0"]
[PlyCount "47"]
[WhiteElo "1627"]
[BlackElo "1477"]

1. d4 Nf6 2. c4 e6 3. Nc3 Be7 4. e4 d5 5. e5 Ne4 6. Bd3 Nxc3 7. bxc3 dxc4 8.
Bxc4 Nd7 9. Qg4 g6 10. Bh6 c5 11. Nf3 cxd4 12. Qxd4 Bc5 13. Qf4 Qc7 14. O-O Nb6
15. Qf6 Rg8 16. Bb5+ Bd7 17. Bxd7+ Qxd7 18. Rfd1 Nd5 19. Qh4 Qc7 20. c4 Be7 21.
Bg5 Bxg5 22. Nxg5 h6 23. Ne4 f5 24. Nd6+ 1-0

[Event "OHS 2012"]
[Site "Herne"]
[Date "2012.03.06"]
[Round "4"]
[White "Schicktanz, Florian"]
[Black "Bittner, Reinhard"]
[Result "1-0"]
[PlyCount "141"]
[WhiteElo "1488"]
[BlackElo "1465"]

1. c4 e6 2. Nc3 f5 3. d4 Nf6 4. g3 c6 5. Bg2 d5 6. cxd5 cxd5 7. Bg5 Be7 8. Nf3
O-O 9. O-O Nc6 10. Rc1 a6 11. Bf4 Ne4 12. Ne5 Nxe5 13. Nxe4 fxe4 14. Bxe5 Bd6
15. Qc2 Bxe5 16. dxe5 Bd7 17. Qc7 Bc6 18. Qxd8 Raxd8 19. Bh3 Rde8 20. Rc5 Rf7
21. e3 g5 22. Bg4 Rfe7 23. Be2 Rc7 24. Rfc1 Rec8 25. Bg4 Kf7 26. Bh5+ Ke7 27.
a4 Kd8 28. a5 Bd7 29. Rxc7 Rxc7 30. Rxc7 Kxc7 31. h4 gxh4 32. gxh4 Kd8 33. Kg2
Be8 34. Bg4 Ke7 35. Kg3 Bf7 36. Kf4 h6 37. Be2 Kd7 38. Kg3 Kc6 39. b4 Bg6 40.
Kg2 d4 41. exd4 Kd5 42. b5 axb5 43. Bxb5 Kxd4 44. Bd7 Kxe5 45. Bc8 e3 46. f3
Kd6 47. Bxb7 Kc7 48. Be4 Be8 49. f4 Bb5 50. Kf3 e2 51. Kf2 Kb8 52. Bf3 Ka7 53.
Bxe2 Bxe2 54. Kxe2 Ka6 55. Ke3 Kxa5 56. Ke4 Kb6 57. Ke5 Kc7 58. Kxe6 Kd8 59. f5
Ke8 60. f6 h5 61. Kd6 Kf7 62. Ke5 Kf8 63. Kf5 Kf7 64. Kg5 Kf8 65. Kxh5 Kf7 66.
Kg5 Kg8 67. h5 Kf7 68. h6 Kf8 69. Kg6 Kg8 70. f7+ Kf8 71. h7 1-0

[Event "OHS 2012"]
[Site "Herne"]
[Date "2012.03.06"]
[Round "4"]
[White "Czarnecki, Günther"]
[Black "Quäschling, Udo"]
[Result "0-1"]
[PlyCount "22"]
[WhiteElo "1095"]
[BlackElo "1358"]

1. e4 e5 2. Nf3 Nc6 3. a3 Nf6 4. Nc3 Bc5 5. b4 Bb6 6. h3 O-O 7. Bc4 Nxe4 8.
Nxe4 d5 9. Bb3 dxe4 10. Nh2 Qd4 11. c3 Qxf2# 0-1

[Event "OHS 2012"]
[Site "Herne"]
[Date "2012.03.13"]
[Round "5"]
[White "Mancic, Ivan"]
[Black "Radi, Günter"]
[Result "1-0"]
[PlyCount "110"]
[WhiteElo "1990"]
[BlackElo "1934"]

1. d4 Nf6 2. c4 e6 3. g3 d5 4. Nf3 Nbd7 5. Bg2 Be7 6. O-O O-O 7. Qc2 Ne4 8. Nc3
Nxc3 9. bxc3 dxc4 10. Nd2 Nb6 11. a4 a5 12. Ba3 Bxa3 13. Rxa3 Ra7 14. Qa2 Qe7
15. Ra1 Rd8 16. Nxc4 Nxc4 17. Qxc4 b6 18. e3 Bb7 19. Bxb7 Rxb7 20. Rb3 Rbb8 21.
Rb5 Rd7 22. Rab1 Rbd8 23. h4 Rd5 24. e4 Rxb5 25. Rxb5 g6 26. Kg2 Rd7 27. Re5
Qd6 28. Rb5 Qe7 29. h5 Kg7 30. f4 Qd8 31. Re5 Rd6 32. Rb5 Rd7 33. Kh3 Qa8 34.
d5 exd5 35. Qd4+ Kg8 36. g4 Qd8 37. h6 f6 38. Rxd5 Rxd5 39. exd5 Qe7 40. g5 Kf7
41. Qc4 fxg5 42. fxg5 Qe3+ 43. Kg4 Qg1+ 44. Kf3 Qh1+ 45. Ke2 Qh2+ 46. Kd1 Qg1+
47. Kc2 Qh2+ 48. Kb3 Qd6 49. Qd4 Qe7 50. Qh8 Qxg5 51. Qxh7+ Ke8 52. Qg8+ Ke7
53. h7 Qh5 54. Qe6+ Kd8 55. Qf6+ Kd7 1-0

[Event "OHS 2012"]
[Site "Herne"]
[Date "2012.03.13"]
[Round "5"]
[White "Maczkowiak, Thomas"]
[Black "Kiese, Matthias, Prof. Dr."]
[Result "0-1"]
[PlyCount "100"]
[WhiteElo "1833"]
[BlackElo "2102"]

1. Nf3 Nf6 2. g3 d5 3. Bg2 Bf5 4. O-O e6 5. c4 c6 6. b3 Be7 7. Bb2 O-O 8. d3 h6
9. Nbd2 a5 10. a3 Na6 11. Qc2 Bh7 12. Rfc1 Nd7 13. Ne5 Nxe5 14. Bxe5 Bf6 15.
Bxf6 Qxf6 16. Qc3 $11 Qxc3 17. Rxc3 d4 18. Rc2 Nc5 19. Rb1 e5 20. Ne4 Nxe4 21.
dxe4 f5 22. f3 fxe4 23. fxe4 Bg6 24. Rd1 Rf6 25. Bf3 c5 26. a4 Rb6 27. Rd3 Raa6
28. Kg2 Rb4 29. Ra2 Rab6 30. Ra3 Rf6 31. Ra1 Bh7 32. Kg1 g5 33. Bg2 Kg7 34. Bh1
Bg6 35. Bf3 g4 36. Bg2 h5 37. Bh1 Kh6 38. Bg2 Kg5 39. Bh1 Rfb6 40. Ra3 Rf6 41.
Ra1 h4 42. Bg2 Rbb6 43. Rf1 h3 44. Rxf6 Rxf6 45. Bh1 Bh7 46. Rd2 Bg8 47. Rd3
Bf7 48. Rd1 Rb6 49. Rd3 Bxc4 50. bxc4 Rb1+ 0-1

[Event "OHS 2012"]
[Site "Herne"]
[Date "2012.03.13"]
[Round "5"]
[White "Kolakovic, Klaudio"]
[Black "Jaring, Thorsten"]
[Result "1-0"]
[PlyCount "93"]
[WhiteElo "1991"]
[BlackElo "1935"]

1. d4 f5 2. Nc3 Nf6 3. Bg5 e6 4. e4 Be7 5. exf5 exf5 6. Bd3 d6 7. Nh3 Nc6 8.
Bb5 Bd7 9. O-O O-O 10. Re1 Ne4 11. Bxe7 Nxe7 12. Bxd7 Qxd7 13. Nxe4 fxe4 14.
Rxe4 Ng6 15. Qd3 d5 16. Re3 Nh4 17. Rae1 Qf5 18. Qxf5 Nxf5 19. Rd3 Rae8 20.
Rxe8 Rxe8 21. Kf1 Re4 22. c3 h6 23. Ng1 Nd6 24. b3 a5 25. Nf3 Nb5 26. Ne5 c5
27. f3 Rh4 28. dxc5 Rxh2 29. Kg1 Rh5 30. Ng4 Nc7 31. b4 Rf5 32. Ne3 Re5 33. a4
axb4 34. cxb4 d4 35. Nc2 Ne6 36. g3 h5 37. Kf2 Rd5 38. f4 g5 39. fxg5 Rf5+ 40.
Ke2 Rxg5 41. Nxd4 Nxd4+ 42. Rxd4 Rxg3 43. Rd7 h4 44. Kf2 Ra3 45. Rxb7 Rxa4 46.
c6 Ra2+ 47. Kg1 1-0

[Event "OHS 2012"]
[Site "Herne"]
[Date "2012.03.13"]
[Round "5"]
[White "Ribbeheger, Edgar"]
[Black "Wiechen, Ulrich"]
[Result "1-0"]
[PlyCount "117"]
[WhiteElo "1947"]
[BlackElo "1903"]

1. d4 d5 2. c4 dxc4 3. e3 Bf5 4. Bxc4 e6 5. Qb3 Nd7 6. Nc3 Nb6 7. Nge2 Nf6 8.
O-O Bd6 9. f3 Bg6 10. e4 Nxc4 11. Qxc4 e5 12. dxe5 Bxe5 13. Qb5+ Nd7 14. Rd1 c6
15. Qxb7 Qb6+ 16. Qxb6 axb6 17. Bf4 Bxf4 18. Nxf4 O-O-O 19. Rd2 Ne5 20. Rxd8+
Rxd8 21. Rd1 Re8 22. b3 Kc7 23. Kf2 f6 24. h3 Bf7 25. Nfe2 Nd7 26. Nd4 Ra8 27.
Rd2 Nc5 28. Ke3 g6 29. g4 b5 30. Rc2 Kb6 31. h4 Re8 32. Nce2 Rc8 33. Nf4 Rc7
34. Rxc5 Kxc5 35. Nfe6+ Kb6 36. Nxc7 Kxc7 37. g5 fxg5 38. hxg5 b4 39. Kd3 c5
40. Nc2 Kd6 41. f4 Be6 42. Ne3 Kc6 43. f5 Bf7 44. Ng4 Kd6 45. Nh6 Be8 46. f6
Bb5+ 47. Kc2 Ke6 48. Ng4 Be2 49. Ne5 Bb5 50. Nd3 h5 51. Nxc5+ Kf7 52. Kd2 Bf1
53. Ke1 Bb5 54. Kf2 Kf8 55. Kg3 Bc6 56. e5 Bb5 57. e6 Ke8 58. f7+ Ke7 59. Nd7
1-0

[Event "OHS 2012"]
[Site "Herne"]
[Date "2012.03.13"]
[Round "5"]
[White "Wolff, Christoph"]
[Black "Domnik, Roland"]
[Result "1-0"]
[PlyCount "53"]
[WhiteElo "1947"]
[BlackElo "1696"]

1. e4 c5 2. Nf3 d6 3. d4 cxd4 4. Nxd4 Nf6 5. Nc3 a6 6. a4 e6 7. g3 Be7 8. Bg2
Nbd7 9. O-O O-O 10. Be3 h6 11. h3 Ne5 12. Qe2 Qc7 13. Rad1 Nh7 14. f4 Nc4 15.
Bc1 Qc5 16. Kh2 Bf6 17. e5 dxe5 18. Ne4 Qc7 19. Nxf6+ Nxf6 20. fxe5 Nxe5 21.
Bf4 Nfd7 22. Rfe1 f6 23. Nxe6 Qc4 24. Bxe5 Qxe2 25. Rxe2 fxe5 26. Nxf8 Kxf8 27.
Bxb7 1-0

[Event "OHS 2012"]
[Site "Herne"]
[Date "2012.03.13"]
[Round "5"]
[White "Bartel, Mario"]
[Black "Wimber, Hartmut"]
[Result "1-0"]
[PlyCount "71"]
[WhiteElo "2096"]
[BlackElo "1879"]

1. e4 e6 2. d4 d5 3. e5 c5 4. c3 Nc6 5. Nf3 Qb6 6. Bd3 cxd4 7. cxd4 Bd7 8. Nc3
Nxd4 9. Nxd4 Qxd4 10. O-O a6 11. Qe2 Ne7 12. Kh1 Nc6 13. f4 Nb4 14. Rd1 Nxd3
15. Rxd3 Qb6 16. f5 d4 17. fxe6 Bxe6 18. Qf2 Rd8 19. Bg5 Be7 20. Bxe7 Kxe7 21.
Rad1 Qa5 22. Qh4+ f6 23. exf6+ gxf6 24. Ne4 Qe5 25. Rf3 Rdf8 26. Re1 h6 27.
Nxf6 Qg5 28. Rxe6+ Kxe6 29. Qe4+ Qe5 30. Qg4+ Kd6 31. Qd7+ Kc5 32. Rf5 Rxf6 33.
Rxe5+ Kc4 34. Qa4+ Kd3 35. Qd1+ Kc4 36. Qb3# 1-0

[Event "OHS 2012"]
[Site "Herne"]
[Date "2012.03.13"]
[Round "5"]
[White "Trzaska, Peter"]
[Black "Matrisch, Gerd"]
[Result "1-0"]
[PlyCount "59"]
[WhiteElo "2081"]
[BlackElo "1723"]

1. c4 c5 2. Nf3 Nc6 3. d4 cxd4 4. Nxd4 Nf6 5. Nc3 e5 6. Ndb5 a6 7. Nd6+ Bxd6 8.
Qxd6 Qe7 9. Qxe7+ Kxe7 10. Bg5 Nb4 11. O-O-O h6 12. Bxf6+ Kxf6 13. a3 Nc6 14.
Nd5+ Kg6 15. e3 Rd8 16. Bd3+ f5 17. g4 e4 18. gxf5+ Kxf5 19. Bc2 Ne5 20. Rd4
Nd3+ 21. Bxd3 exd3 22. Nb6 Rb8 23. Rd1 d6 24. R1xd3 Ke5 25. Rd5+ Ke6 26. c5 Rf8
27. Rxd6+ Kf7 28. Rd8 Bf5 29. Rxb8 Bxd3 30. Rxb7+ 1-0